MARC

LEADER 00000nam0a2200000 4500
001 138325
005 20231101220733.0
010 |a 5020066532 
035 |a (RuTPU)RU\TPU\book\149886 
090 |a 138325 
100 |a 20080523d1992 km y0rusy50 ca 
101 0 |a rus 
102 |a RU 
105 |a a z 001zy 
200 1 |a Управление технологическими роботами и гибкими модулями  |f В. Л. Афонин [и др.]  |g Российская академия наук, Институт машиноведения им. А. А. Благонравова ; под ред. Э. Г. Гудушаури 
210 |a Москва  |c Наука  |d 1992 
215 |a 143 с.  |c ил. 
320 |a Библиогр.: с. 139-141. 
606 1 |a Робототехнические системы  |x Управление  |2 stltpush  |3 (RuTPU)RU\TPU\subj\25274  |9 49475 
610 1 |a программное управление 
610 1 |a производственные системы 
610 1 |a роботы 
610 1 |a модуляторы 
675 |a 621.865.8-529  |v 3 
701 1 |a Афонин  |b В. Л.  |g Вячеслав Леонидович 
701 1 |a Ковалев  |b В. Е. 
701 1 |a Колодезев  |b С. В. 
701 1 |a Рассказчиков  |b Н. Г. 
701 1 |a Чинаев  |b П. И. 
702 1 |a Гудушаури  |b Э. Г.  |g Элгуджа Георгиевич  |4 340 
712 0 2 |a Российская академия наук  |b Институт машиноведения им. А. А. Благонравова  |c (Москва)  |c (1991- )  |2 stltpush  |3 (RuTPU)RU\TPU\col\17157  |9 26542 
801 1 |a RU  |b 63413507  |c 20080523  |g PSBO 
801 2 |a RU  |b 63413507  |c 20220218  |g PSBO 
942 |c BK